[Event "European Youth Chess Championship G16"]
[Site "Prague, Top Hotel Prague"]
[Date "2016.08.27"]
[Round "9.11"]
[White "Cieslak, Wiktoria"]
[Black "Brunova, Blanka"]
[Result "1-0"]
[WhiteElo "1865"]
[BlackElo "1992"]
[PlyCount "93"]
[EventDate "2016.08.18"]

1. e4 c5 2. Nf3 Nc6 3. d4 cxd4 4. Nxd4 Nf6 5. Nc3 e5 6. Ndb5 d6 7. a4 a6 8. Na3
Be7 9. Bg5 O-O 10. Bc4 h6 11. Bxf6 Bxf6 12. O-O Bg5 13. Ba2 Kh8 14. Nc4 Nd4 15.
f4 Bf6 16. Nd5 b5 17. Ncb6 Rb8 18. a5 Be6 19. c3 Nc6 20. Nxf6 Qxf6 21. Qxd6
Bxa2 22. Qxf6 gxf6 23. Rxa2 Rfd8 24. Nd5 f5 25. fxe5 fxe4 26. Nc7 Nxe5 27. Nxa6
Rbc8 28. Nb4 Nc4 29. Rxf7 e3 30. Rf1 Rd2 31. Re1 Rf8 32. b3 Nb2 33. Raa1 e2 34.
g3 Nd1 35. a6 Nxc3 36. a7 Ra8 37. Rac1 Rd1 38. Kf2 Rf8+ 39. Kg2 Rxc1 40. Rxc1
Nd1 41. Nd3 Ne3+ 42. Kh3 Kg7 43. Nf4 Ra8 44. Rc7+ Kf6 45. Nxe2 Ke6 46. Nd4+ Ke5
47. Nxb5 1-0

[Event "European Youth Chess Championship G16"]
[Site "Prague, Top Hotel Prague"]
[Date "2016.08.27"]
[Round "9.12"]
[White "Leser, Katrin"]
[Black "Silva, Ana Ines Teixeira Da"]
[Result "1-0"]
[WhiteElo "1979"]
[BlackElo "1781"]
[PlyCount "71"]
[EventDate "2016.08.18"]

1. e4 c6 2. Nc3 d5 3. Qe2 d4 4. Nd1 e5 5. g3 Nf6 6. f4 exf4 7. gxf4 Bg4 8. Nf3
Nh5 9. d3 Be7 10. Qg2 f5 11. Nf2 Bb4+ 12. Kd1 Nf6 13. Nxg4 fxg4 14. Ne5 Nbd7
15. Nxg4 Qc7 16. Nxf6+ Nxf6 17. a3 Ba5 18. Rg1 Rg8 19. Qh3 Qf7 20. Be2 h5 21.
Rg5 Bc7 22. Bxh5 Nxh5 23. Qxh5 g6 24. Qg4 Rd8 25. h4 Rd6 26. h5 Rf6 27. f5 Rh8
28. Rxg6 Rxg6 29. Qxg6 Qxg6 30. hxg6 Rh1+ 31. Ke2 Bf4 32. Bxf4 Rxa1 33. f6 Rh1
34. f7+ Ke7 35. Bd6+ Kxd6 36. f8=Q+ 1-0

[Event "European Youth Chess Championship G16"]
[Site "Prague, Top Hotel Prague"]
[Date "2016.08.27"]
[Round "9.13"]
[White "Ayan, Bengu Sena"]
[Black "Pasoglou, Ekaterini"]
[Result "1/2-1/2"]
[WhiteElo "1835"]
[BlackElo "1938"]
[PlyCount "39"]
[EventDate "2016.08.18"]

1. d4 Nf6 2. c4 e6 3. Nf3 Bb4+ 4. Bd2 Qe7 5. g3 Bxd2+ 6. Nbxd2 d6 7. Bg2 e5 8.
e3 h6 9. d5 a5 10. O-O O-O 11. e4 Na6 12. b3 Nc5 13. Qc2 g6 14. Ne1 Bd7 15. Nd3
b6 16. Rae1 Nh5 17. Nxc5 bxc5 18. f4 f6 19. f5 g5 20. Bf3 1/2-1/2

[Event "European Youth Chess Championship G16"]
[Site "Prague, Top Hotel Prague"]
[Date "2016.08.27"]
[Round "9.14"]
[White "Polterauer, Chiara"]
[Black "Jibuti, Nata"]
[Result "1/2-1/2"]
[WhiteElo "2009"]
[BlackElo "1761"]
[PlyCount "59"]
[EventDate "2016.08.18"]

1. e4 c5 2. Nf3 d6 3. d4 cxd4 4. Nxd4 Nf6 5. Nc3 a6 6. Be3 Nbd7 7. f3 e6 8. Be2
b5 9. a4 bxa4 10. Rxa4 Bb7 11. Nb3 Be7 12. Na5 Qc7 13. Nxb7 Qxb7 14. Qa1 Rb8
15. b3 d5 16. O-O Bc5 17. Bxc5 Nxc5 18. Bxa6 Qb6 19. Bb5+ Kd8 20. Kh1 Nxa4 21.
Bxa4 dxe4 22. Nxe4 Ke7 23. c4 Nxe4 24. fxe4 f6 25. Qd1 Rbd8 26. Qh5 h6 27. Qg6
Kf8 28. Rxf6+ gxf6 29. Qxf6+ Kg8 30. Qg6+ 1/2-1/2

[Event "European Youth Chess Championship G16"]
[Site "Prague, Top Hotel Prague"]
[Date "2016.08.27"]
[Round "9.15"]
[White "Ayazmali, Gizem"]
[Black "Shpanko, Nadiia"]
[Result "1/2-1/2"]
[WhiteElo "1816"]
[BlackElo "2102"]
[PlyCount "38"]
[EventDate "2016.08.18"]

1. g3 Nf6 2. Bg2 d5 3. d3 c5 4. Nd2 e6 5. e4 Nc6 6. Ngf3 dxe4 7. dxe4 Be7 8.
O-O O-O 9. c3 b6 10. Qa4 Bd7 11. Qc2 Qc7 12. Nc4 e5 13. Rd1 Be6 14. Ne3 Rad8
15. Rxd8 Rxd8 16. Ng5 Qd6 17. Nd5 c4 18. Nxe6 Qxe6 19. Bg5 Ng4 1/2-1/2

[Event "European Youth Chess Championship G16"]
[Site "Prague, Top Hotel Prague"]
[Date "2016.08.27"]
[Round "9.16"]
[White "Egyed, Judit"]
[Black "Olde, Margareth"]
[Result "1/2-1/2"]
[WhiteElo "1979"]
[BlackElo "2059"]
[PlyCount "106"]
[EventDate "2016.08.18"]

1. e4 c5 2. Nf3 a6 3. c3 d5 4. exd5 Qxd5 5. d4 Bg4 6. Be2 Nf6 7. Be3 cxd4 8.
cxd4 e6 9. Nc3 Qd8 10. O-O Be7 11. h3 Bh5 12. Ne5 Bxe2 13. Qxe2 O-O 14. Qf3 Nd5
15. Rac1 Bf6 16. Ne4 Bxe5 17. dxe5 Nxe3 18. Qxe3 Nc6 19. Nd6 Qe7 20. f4 Nb4 21.
Qe4 Nd5 22. f5 b5 23. Rf3 f6 24. fxe6 Qxe6 25. Rd1 Nb6 26. exf6 Rxf6 27. Rxf6
Qxe4 28. Nxe4 gxf6 29. Nxf6+ Kg7 30. Nh5+ Kf7 31. Rf1+ Kg8 32. b3 a5 33. Rf5 b4
34. Rb5 Nc8 35. Rb7 Ra7 36. Nf6+ Kh8 37. Rxa7 Nxa7 38. Kf2 Nb5 39. Nd5 Kg7 40.
Ke3 Kf7 41. g4 Ke6 42. Nf4+ Kf6 43. Ne2 Kg5 44. Kf3 Kh4 45. Kg2 Nc3 46. Nd4 Kg5
47. Nc6 Nxa2 48. Nxa5 Nc1 49. Nc6 h5 50. gxh5 Nxb3 51. Nxb4 Kxh5 $11 52. Kg3
Nd4 53. Nd3 Nf5+ 1/2-1/2

[Event "European Youth Chess Championship G16"]
[Site "Prague, Top Hotel Prague"]
[Date "2016.08.27"]
[Round "9.17"]
[White "Henderson, de La Fuente Andrea"]
[Black "Khristenko, Anna"]
[Result "1/2-1/2"]
[WhiteElo "2027"]
[BlackElo "1957"]
[PlyCount "41"]
[EventDate "2016.08.18"]

1. e4 c5 2. Nc3 e6 3. g3 d5 4. exd5 exd5 5. d4 cxd4 6. Qxd4 Nf6 7. Bf4 Nc6 8.
Qd1 a6 9. Bg2 Be6 10. Nge2 Bc5 11. O-O O-O 12. Bg5 Re8 13. Bxf6 Qxf6 14. Nxd5
Bxd5 15. Bxd5 Rad8 16. Nf4 Nb4 17. Qh5 Nxd5 18. Nxd5 Qxb2 19. c4 Qe5 20. Qg4 h6
21. Rad1 1/2-1/2

[Event "European Youth Chess Championship G16"]
[Site "Prague, Top Hotel Prague"]
[Date "2016.08.27"]
[Round "9.18"]
[White "Koehler, Inken"]
[Black "Mirza, Diana"]
[Result "1-0"]
[WhiteElo "2008"]
[BlackElo "1925"]
[PlyCount "61"]
[EventDate "2016.08.18"]

1. e4 c5 2. Nf3 e6 3. d4 cxd4 4. c3 Nf6 5. e5 Nd5 6. cxd4 Nc6 7. Bc4 d6 8. O-O
Be7 9. Qe2 O-O 10. Qe4 Bd7 11. Bd3 f5 12. exf6 Nxf6 13. Qe2 Rc8 14. Nc3 Qa5 15.
Bc4 d5 16. Bb3 Qb4 17. Qd3 Be8 18. Bd2 Bg6 19. Qe3 Qd6 20. Ne5 Be8 21. Rac1 Bd8
22. Rfe1 Bb6 23. Nb5 Qe7 24. Nf3 Ne4 25. Nc3 Rxf3 26. gxf3 Bxd4 27. Nxd5 Qh4
28. Qxe4 Bxf2+ 29. Kh1 exd5 30. Qxd5+ Kf8 31. Qg8# 1-0

[Event "European Youth Chess Championship G16"]
[Site "Prague, Top Hotel Prague"]
[Date "2016.08.27"]
[Round "9.19"]
[White "Waechter, Nathalie"]
[Black "Frej, Zofia"]
[Result "1-0"]
[WhiteElo "1993"]
[BlackElo "1881"]
[PlyCount "89"]
[EventDate "2016.08.18"]

1. d4 d5 2. c4 dxc4 3. e3 Nf6 4. Bxc4 e6 5. Nc3 c5 6. Nf3 Nc6 7. O-O a6 8. dxc5
Qxd1 9. Rxd1 Bxc5 10. Nd4 Ne5 11. Be2 O-O 12. Nb3 Ba7 13. Nd2 b5 14. Nde4 Bb7
15. Nxf6+ gxf6 16. b3 Rac8 17. Bb2 Rc7 18. Rac1 Rfc8 19. a3 Bb6 20. Bf1 h6 21.
h3 Kh7 22. Na2 Rxc1 23. Nxc1 Rc7 24. Nd3 Nxd3 25. Bxd3+ Kg7 26. Bb1 Bd5 27. b4
a5 28. e4 Bb7 29. e5 f5 30. Rd6 Rc6 31. Bd3 Bc7 32. Bxb5 Bxd6 33. exd6+ f6 34.
Bxc6 Bxc6 35. bxa5 Kf7 36. f4 h5 37. g3 Ke8 38. Bxf6 Kd7 39. Be5 Kc8 40. a6 Bb5
41. a7 Kb7 42. Bd4 Bc6 43. Kf2 Be8 44. Ke3 Bc6 45. Bc5 1-0

[Event "European Youth Chess Championship G16"]
[Site "Prague, Top Hotel Prague"]
[Date "2016.08.27"]
[Round "9.20"]
[White "Grigoryan, Arpine"]
[Black "Nazarova, Anastasia"]
[Result "1/2-1/2"]
[WhiteElo "1964"]
[BlackElo "2006"]
[PlyCount "104"]
[EventDate "2016.08.18"]

1. e4 c5 2. Nf3 g6 3. c3 Bg7 4. d4 cxd4 5. cxd4 d5 6. e5 Nc6 7. Bb5 Bg4 8. Nbd2
Bxf3 9. Qxf3 e6 10. Bxc6+ bxc6 11. Nb3 Nh6 12. h4 O-O 13. h5 g5 14. Qg3 f6 15.
O-O Nf5 16. Qg4 h6 17. f4 gxf4 18. Bxf4 fxe5 19. Bxe5 Qg5 20. Qxg5 hxg5 21.
Bxg7 Kxg7 22. Rae1 Rae8 23. Re5 Kh6 24. g4 Ng7 25. Ree1 Kh7 26. Nc5 Rxf1+ 27.
Rxf1 Re7 28. Nd3 Rc7 29. Rf6 Re7 30. Ne5 Ne8 31. Rf1 Nd6 32. Nxc6 Rc7 33. Ne5
Kg7 34. h6+ Kxh6 35. Rf6+ Kh7 36. Rxe6 Rc1+ 37. Kg2 Rc2+ 38. Kf1 Ne4 39. Re7+
Kg8 40. Rxa7 Rxb2 41. a4 Ra2 42. a5 Ra1+ 43. Ke2 Nc3+ 44. Ke3 Nb5 45. Ra8+ Kg7
46. a6 Ra3+ 47. Kd2 Nxd4 48. a7 Nb5 49. Nc6 Ra6 50. Rb8 Nxa7 51. Rb7+ Kh8 52.
Nxa7 Ra4 $11 1/2-1/2

[Event "European Youth Chess Championship G16"]
[Site "Prague, Top Hotel Prague"]
[Date "2016.08.27"]
[Round "9.21"]
[White "Yurovskikh, Yasmin"]
[Black "Cvitan, Ena"]
[Result "1-0"]
[WhiteElo "1842"]
[BlackElo "2045"]
[PlyCount "53"]
[EventDate "2016.08.18"]

1. e4 c6 2. d4 d5 3. f3 dxe4 4. fxe4 e5 5. Nf3 exd4 6. Bc4 Bb4+ 7. c3 Bd6 8.
O-O Be6 9. Bxe6 fxe6 10. Ng5 Nf6 11. cxd4 e5 12. Qb3 Qe7 13. dxe5 Bxe5 14. Be3
Na6 15. Ne6 Bxh2+ 16. Kxh2 Ng4+ 17. Kg1 Nxe3 18. Rf3 Ng4 19. Rc3 Nf6 20. Nd2 h5
21. Nf3 Nc7 22. Qxb7 Nxe6 23. Qxa8+ Nd8 24. Rxc6 O-O 25. Rc8 Qd7 26. Rac1 Ng4
27. Qd5+ 1-0

[Event "European Youth Chess Championship G16"]
[Site "Prague, Top Hotel Prague"]
[Date "2016.08.27"]
[Round "9.22"]
[White "Hrescak, Ivana"]
[Black "Jorge, Rita Maria Osorio"]
[Result "1-0"]
[WhiteElo "2007"]
[BlackElo "1794"]
[PlyCount "75"]
[EventDate "2016.08.18"]

1. d4 d5 2. c4 dxc4 3. Nf3 Nf6 4. Nc3 e6 5. e3 a6 6. Bxc4 b5 7. Bd3 Bb7 8. O-O
Be7 9. Qe2 O-O 10. Rd1 Nbd7 11. e4 Re8 12. Bc2 c5 13. dxc5 Bxc5 14. e5 Nd5 15.
Ng5 g6 16. Nxh7 Kg7 17. Bg5 Be7 18. Nf6 N7xf6 19. exf6+ Bxf6 20. Be3 Rh8 21.
Bb3 Qc7 22. h3 Nxc3 23. bxc3 Rad8 24. Bd4 Qe7 25. Rd3 Bxd4 26. cxd4 Qg5 27. Rg3
Qf6 28. Qe5 Rxd4 29. Qc7 Bd5 30. Bxd5 Rxd5 31. Rc1 Qd8 32. Qc3+ e5 33. Re1 Re8
34. Rge3 Qd6 35. f4 f6 36. Kh1 Re7 37. Qb3 Qb8 38. Qxd5 1-0

[Event "European Youth Chess Championship G16"]
[Site "Prague, Top Hotel Prague"]
[Date "2016.08.27"]
[Round "9.23"]
[White "Vrtiakova, Anna"]
[Black "Ciocan, Maria-Alexandra"]
[Result "1/2-1/2"]
[WhiteElo "1952"]
[BlackElo "1742"]
[PlyCount "147"]
[EventDate "2016.08.18"]

1. e4 c5 2. Nf3 e6 3. d4 cxd4 4. Nxd4 a6 5. g3 d5 6. Nc3 Bb4 7. Bd2 Nc6 8. Nb3
Nf6 9. Bg2 dxe4 10. Nxe4 Be7 11. O-O O-O 12. Qe2 Qc7 13. c4 Nxe4 14. Qxe4 Bf6
15. Qc2 e5 16. Be3 Nd4 17. Bxd4 exd4 18. Rfd1 Rd8 19. Rac1 Be6 20. Be4 g6 21.
Qd3 Rac8 22. Nd2 Bg7 23. b3 Rd7 24. f4 Qa5 25. Rc2 Re8 26. Rb1 Qd8 27. Kf2 $11
f5 28. Bg2 Bf7 29. Nf1 Rde7 30. b4 g5 31. fxg5 Bg6 32. c5 f4 33. Qc4+ Kh8 34.
Bf3 fxg3+ 35. Nxg3 Bxc2 36. Qxc2 d3 37. Qd2 Bd4+ 38. Kg2 Be3 39. Qc3+ Qd4 40.
Qxd4+ Bxd4 41. Rd1 Bc3 42. Rxd3 Bxb4 43. Rb3 a5 44. h4 Rd8 45. Ne4 Rd4 46. Nd6
Bxc5 47. Nxb7 Bb4 48. a3 Be1 49. h5 a4 50. Rb2 Rd3 51. Nc5 Rxa3 52. Rb8+ Kg7
53. Bd5 Rg3+ 54. Kf1 Rxg5 55. Ne6+ Rxe6 56. Bxe6 Rxh5 57. Ra8 Ba5 58. Kg2 a3
59. Bc4 Rg5+ 60. Kh2 Rc5 61. Bb3 a2 62. Bxa2 Rc2+ 63. Kh3 Rxa2 64. Ra6 Ra3+ 65.
Kg4 Bb4 66. Rxa3 Bxa3 67. Kh3 Kg6 68. Kg2 Kg5 69. Kg3 Bd6+ 70. Kh3 h5 71. Kg2
Kg4 72. Kh1 h4 73. Kg2 h3+ 74. Kh1 1/2-1/2

[Event "European Youth Chess Championship G16"]
[Site "Prague, Top Hotel Prague"]
[Date "2016.08.27"]
[Round "9.24"]
[White "Limanovska, Elizabete"]
[Black "Nemeth, Noemi Anna"]
[Result "1-0"]
[WhiteElo "1924"]
[BlackElo "1690"]
[PlyCount "109"]
[EventDate "2016.08.18"]

1. e4 e5 2. Nf3 Nc6 3. Bb5 a6 4. Ba4 Nf6 5. O-O b5 6. Bb3 Be7 7. Re1 d6 8. c3
Bg4 9. d3 Na5 10. Bc2 c5 11. Nbd2 O-O 12. Nf1 Qc7 13. h3 Bh5 14. Ng3 Bg6 15.
Nh4 Nc6 16. Nxg6 fxg6 17. Be3 d5 18. exd5 Nxd5 19. Bb3 Rad8 20. Qe2 Kh8 21. Ne4
Nf4 22. Bxf4 exf4 23. Nd2 Bf6 24. Nf3 g5 25. Rad1 Rd7 26. Qc2 Ne5 27. Nxe5 Bxe5
28. Be6 Re7 29. Bg4 g6 30. Bf3 Qb6 31. d4 cxd4 32. cxd4 Rc7 33. Qe4 Bg7 34. Re2
Rc4 35. Red2 Rd8 36. Qb7 Qa5 37. Qe7 Qb6 38. d5 Bf6 39. Qe2 Rd6 40. Bg4 h5 41.
Be6 Qc7 42. b3 Rc3 43. Qe4 Kg7 44. h4 Kh6 45. Re2 Qc8 46. hxg5+ Kxg5 47. Bf7
Bg7 48. Qe8 Rc2 49. Rde1 Bd4 50. Re5+ Bxe5 51. Rxe5+ Kf6 52. Qe7+ Kg7 53. Be8+
Kg8 54. Qf7+ Kh8 55. Qf8+ 1-0

[Event "European Youth Chess Championship G16"]
[Site "Prague, Top Hotel Prague"]
[Date "2016.08.27"]
[Round "9.25"]
[White "Greibrokk, Ingrid"]
[Black "Tomic, Jelena"]
[Result "1-0"]
[WhiteElo "1912"]
[BlackElo "1631"]
[PlyCount "71"]
[EventDate "2016.08.18"]

1. e4 d5 2. exd5 Qxd5 3. Nf3 Nf6 4. d4 c6 5. c4 Qd8 6. Be2 Bf5 7. Nc3 e6 8. O-O
Bd6 9. h3 O-O 10. Nh4 Bg6 11. Nxg6 hxg6 12. Bg5 Be7 13. Bf3 Qb6 14. Rb1 Rd8 15.
d5 exd5 16. cxd5 c5 17. Re1 Qc7 18. Nb5 Qd7 19. d6 Qxb5 20. Rxe7 Nc6 21. Rc7
Rab8 22. Bxf6 gxf6 23. Bxc6 bxc6 24. Qd2 Qc4 25. Rd1 Qxa2 26. d7 Rxb2 27. Qf4
Qb3 28. Re1 Rb1 29. Rxb1 Qxb1+ 30. Kh2 Qd3 31. Qxf6 Rf8 32. Qxc6 Kg7 33. Rc8
Qd4 34. Rxf8 Kxf8 35. Qa8+ Kg7 36. d8=Q 1-0

[Event "European Youth Chess Championship G16"]
[Site "Prague, Top Hotel Prague"]
[Date "2016.08.27"]
[Round "9.26"]
[White "Vlkova, Anezka"]
[Black "Scarpa, Silvia"]
[Result "1-0"]
[WhiteElo "1823"]
[BlackElo "1848"]
[PlyCount "51"]
[EventDate "2016.08.18"]

1. e4 c5 2. Nc3 Nc6 3. g3 g6 4. Bg2 Bg7 5. d3 e6 6. Be3 Nge7 7. Bxc5 Bxc3+ 8.
bxc3 Qa5 9. Be3 Qxc3+ 10. Bd2 Qc5 11. Ne2 d5 12. O-O Bd7 13. Qb1 O-O-O 14. Qb2
dxe4 15. Bxe4 Nd5 16. c4 Qb6 17. Qa3 Nde7 18. Rab1 Qc7 19. d4 f5 20. Bg2 Be8
21. Rfc1 Bf7 22. Bf4 Qa5 23. Rxb7 Qxa3 24. Rc7+ Kb8 25. Rxc6+ Rd6 26. Rb1+ 1-0

[Event "European Youth Chess Championship G16"]
[Site "Prague, Top Hotel Prague"]
[Date "2016.08.27"]
[Round "9.27"]
[White "Kopcova, Ludmila"]
[Black "Nass, Sara"]
[Result "1-0"]
[WhiteElo "1738"]
[BlackElo "1814"]
[PlyCount "81"]
[EventDate "2016.08.18"]

 1. d4 Nf6 2. c4 g6 3. Nc3 Bg7 4. e4 d6 5. f3
O-O 6. Be3 e5 7. Nge2 Nc6 8. d5 Ne7 9. g4 c6 10. Ng3 cxd5 11. cxd5 a6 12. Qd2
b5 13. O-O-O Bd7 14. Bd3 b4 15. Nce2 Qa5 16. Kb1 Rfc8 17. h4 Bb5 18. h5 Rc7 19.
Rdg1 Nc8 20. Nf5 Bxd3+ 21. Qxd3 b3 22. a3 Qb5 23. Qxb5 axb5 24. Nxg7 Kxg7 25.
hxg6 fxg6 26. Rc1 Rb7 27. Rc3 Nb6 28. Bxb6 Rxb6 29. Rxb3 Nd7 30. Rc3 Ra7 31.
Rhc1 Kf7 32. Rc7 Rbb7 33. R7c6 Ke7 34. Rh1 Nf8 35. g5 Kd7 36. Rhc1 Rc7 37. Rb6
Rxc1+ 38. Kxc1 Rc7+ 39. Kd2 Rc5 40. Nc3 Kc7 41. Rxb5 1-0

[Event "European Youth Chess Championship G16"]
[Site "Prague, Top Hotel Prague"]
[Date "2016.08.27"]
[Round "9.28"]
[White "Milovanova, Maria"]
[Black "Tumova, Anna"]
[Result "1-0"]
[WhiteElo "2138"]
[BlackElo "1787"]
[PlyCount "85"]
[EventDate "2016.08.18"]

 1. d4 Nf6 2. c4 g6 3. Nc3 d5 4. cxd5 Nxd5 5.
e4 Nxc3 6. bxc3 Bg7 7. Be3 c5 8. Qd2 cxd4 9. cxd4 Nc6 10. Rd1 O-O 11. Be2 f5
12. e5 e6 13. h4 Qa5 14. Nh3 Qxd2+ 15. Rxd2 Ne7 16. Rc2 Nd5 17. Bf3 Bd7 18.
Bxd5 exd5 19. Kd2 Rac8 20. Rhc1 Rxc2+ 21. Rxc2 Rc8 22. Rxc8+ Bxc8 23. Nf4 Bf8
24. Nxd5 Be6 25. Nf6+ Kg7 26. d5 Bf7 27. Bd4 Be7 28. d6 Bd8 29. Nd7 Kg8 30.
Bxa7 Bxa2 31. g3 Kf7 32. Nc5 Bd5 33. Ke3 b6 34. Kd4 Ba2 35. Na4 b5 36. Nc3 Bc4
37. Kc5 Ke6 38. f4 h6 39. Nxb5 Bxb5 40. Kxb5 g5 41. hxg5 hxg5 42. Bb6 gxf4 43.
gxf4 1-0

[Event "European Youth Chess Championship G16"]
[Site "Prague, Top Hotel Prague"]
[Date "2016.08.27"]
[Round "9.29"]
[White "Stashis, Anna"]
[Black "Daliga, Anita"]
[Result "1/2-1/2"]
[WhiteElo "1926"]
[BlackElo "1638"]
[PlyCount "100"]
[EventDate "2016.08.18"]

 1. e4 c6 2. d4 d5 3. e5 Bf5 4. Nf3 e6 5. Be2
Nd7 6. Nbd2 c5 7. c4 Ne7 8. Nb3 dxc4 9. Bxc4 Nc6 10. O-O Be7 11. Qe2 O-O 12.
Rd1 Qc7 13. Bf4 a6 14. d5 exd5 15. Bxd5 Be6 16. Bxe6 fxe6 17. Qc4 Nd8 18. Bg3
Nb6 19. Qg4 Nd5 20. Nbd2 b5 21. Ne4 Qb6 22. Neg5 Bxg5 23. Nxg5 Qc6 24. Qe4 g6
25. Nxe6 Nxe6 26. Qxd5 Qxd5 27. Rxd5 Rfd8 28. Rd6 Rxd6 29. exd6 Rd8 30. Kf1 Kf7
31. Rd1 Rd7 32. Rd3 c4 33. Rf3+ Ke8 34. b3 cxb3 35. Rxb3 Ng7 36. Be5 Nf5 37.
Rd3 Kf7 38. g4 Ke6 39. gxf5+ Kxe5 40. fxg6 hxg6 41. Re3+ Kxd6 42. Rg3 Rg7 43.
h4 Ke6 44. h5 Kf6 45. hxg6 Rxg6 46. Rxg6+ Kxg6 47. Ke2 Kf5 48. Kd3 Ke5 49. Kc3
a5 50. f3 Kd5 1/2-1/2

[Event "European Youth Chess Championship G16"]
[Site "Prague, Top Hotel Prague"]
[Date "2016.08.27"]
[Round "9.30"]
[White "Imperor, Amelie"]
[Black "Buchta, Agnieszka"]
[Result "1/2-1/2"]
[WhiteElo "1874"]
[BlackElo "1599"]
[PlyCount "54"]
[EventDate "2016.08.18"]

1. e4 c5 2. Nc3 Nc6 3. g3 g6 4. Bg2 Bg7 5. d3 d6 6. Be3 e6 7. Qd2 Rb8 8. Nge2
Nd4 9. O-O b5 10. Nd1 b4 11. Nc1 Ne7 12. c3 bxc3 13. bxc3 Ndc6 14. Bh6 O-O 15.
Bxg7 Kxg7 16. Ne3 e5 17. f4 f6 18. Ne2 Be6 19. f5 Bf7 20. h4 Qa5 21. fxg6 hxg6
22. Qc2 Rb6 23. Nd5 Nxd5 24. exd5 Ne7 25. c4 Rfb8 26. Qc3 Qxc3 27. Nxc3 f5
1/2-1/2

[Event "European Youth Chess Championship G16"]
[Site "Prague, Top Hotel Prague"]
[Date "2016.08.27"]
[Round "9.31"]
[White "Vavrinkova, Eliska"]
[Black "Gailiunaite, Saule"]
[Result "0-1"]
[WhiteElo "1716"]
[BlackElo "1844"]
[PlyCount "62"]
[EventDate "2016.08.18"]

1. d4 f5 2. c4 Nf6 3. Nc3 g6 4. g3 Bg7 5. Bg2 O-O 6. Nf3 d6 7. O-O c6 8. h3 Na6
9. a3 Nc7 10. Qc2 Qe8 11. Re1 e5 12. dxe5 dxe5 13. e4 f4 14. gxf4 Nh5 15. Nxe5
Nxf4 16. Bxf4 Rxf4 17. Nd3 Rh4 18. Re3 Ne6 19. Ne2 Ng5 20. f4 Nxh3+ 21. Bxh3
Bxh3 22. Nf2 Be6 23. e5 Qf7 24. Ne4 Rg4+ 25. Rg3 Rxg3+ 26. N4xg3 Bxc4 27. Qd2
Rf8 28. Rf1 Qe6 29. Qb4 Bxe2 30. Nxe2 Qg4+ 31. Kf2 Bxe5 0-1

[Event "European Youth Chess Championship G16"]
[Site "Prague, Top Hotel Prague"]
[Date "2016.08.27"]
[Round "9.32"]
[White "Mutlu, Beste"]
[Black "Lomandong, Noela-Joyce"]
[Result "1/2-1/2"]
[WhiteElo "1759"]
[BlackElo "1841"]
[PlyCount "65"]
[EventDate "2016.08.18"]

1. e4 g6 2. d4 Bg7 3. Nf3 c6 4. Bd3 d5 5. e5 Bg4 6. h3 Bxf3 7. Qxf3 Qb6 8. c3
e6 9. a4 c5 10. Bb5+ Nc6 11. Be3 c4 12. Bxc6+ bxc6 13. Qe2 Rb8 14. Bc1 Ne7 15.
Na3 Nf5 16. g4 Ne7 17. Nc2 a5 18. O-O h5 19. Ne3 c5 20. Nc2 hxg4 21. hxg4 Nc6
22. Rd1 Qd8 23. Qf3 Qh4 24. Qg2 cxd4 25. cxd4 Ke7 26. Na3 Rh7 27. Nb5 Rbh8 28.
Be3 Nb4 29. Rab1 Nc2 30. Bd2 Nb4 31. Be3 Nd3 32. Nc3 Kd7 33. b3 1/2-1/2

[Event "European Youth Chess Championship G16"]
[Site "Prague, Top Hotel Prague"]
[Date "2016.08.27"]
[Round "9.33"]
[White "Ahmadova, Irada"]
[Black "Urbanc, Ana"]
[Result "1-0"]
[WhiteElo "1627"]
[BlackElo "1681"]
[PlyCount "53"]
[EventDate "2016.08.18"]

1. e4 c5 2. Nf3 Nc6 3. d4 cxd4 4. Nxd4 Nf6 5. Nc3 d6 6. f3 a6 7. Be3 e5 8. Nb3
Be6 9. Be2 Be7 10. O-O d5 11. exd5 Nxd5 12. Nxd5 Bxd5 13. c4 Be6 14. Nc5 Bxc5
15. Bxc5 Qxd1 16. Raxd1 Rd8 17. Bd3 f6 18. b3 Kf7 19. Bb6 Rd7 20. Be4 h6 21.
Kf2 Re8 22. Rxd7+ Bxd7 23. Rd1 Be6 24. Rd6 Rc8 25. g4 Ke7 26. Rxe6+ Kd7 27. Bf5
1-0

[Event "European Youth Chess Championship G16"]
[Site "Prague, Top Hotel Prague"]
[Date "2016.08.27"]
[Round "9.34"]
[White "Markova, Ralitca"]
[Black "Nilssen, Ellen Fredericia"]
[Result "1/2-1/2"]
[WhiteElo "1581"]
[BlackElo "1947"]
[PlyCount "101"]
[EventDate "2016.08.18"]

1. e4 e6 2. d4 d5 3. exd5 exd5 4. Bd3 Bd6 5. Qe2+ Ne7 6. Nf3 Bg4 7. Be3 c6 8.
Nbd2 Qc7 9. c4 dxc4 10. Bxc4 O-O 11. h3 Bxf3 12. Qxf3 Nd7 13. O-O Nb6 14. Bb3
Rad8 15. Ne4 Ned5 16. Bg5 Be7 17. Bxe7 Qxe7 18. Nc3 Rfe8 19. Rfe1 Qf8 20. Re5
Nxc3 21. Rxe8 Qxe8 22. bxc3 Qe7 23. Rd1 Rd7 24. c4 a5 25. Qd3 g6 26. d5 Qc5 27.
a4 Qb4 28. Qc2 Qc5 29. dxc6 Qxc6 30. Rxd7 Qxd7 31. Qe4 Nxa4 32. Bxa4 Qxa4 33.
Qxb7 Qa1+ 34. Kh2 Qe5+ 35. g3 Qc5 36. Kg2 Qxc4 37. Qa8+ Kg7 38. Qxa5 Qe4+ 39.
Kg1 Qe6 40. Kg2 h5 41. Qc3+ Qf6 42. Qxf6+ Kxf6 43. Kf3 g5 44. g4 hxg4+ 45. Kxg4
Kg6 46. f4 f5+ 47. Kg3 Kh5 48. fxg5 Kxg5 49. h4+ Kh5 50. Kf4 Kxh4 51. Kxf5
1/2-1/2

[Event "European Youth Chess Championship G16"]
[Site "Prague, Top Hotel Prague"]
[Date "2016.08.27"]
[Round "9.35"]
[White "Litvjakova, Darija"]
[Black "Golub, Nikolina"]
[Result "0-1"]
[WhiteElo "1597"]
[BlackElo "1870"]
[PlyCount "94"]
[EventDate "2016.08.18"]

1. e4 c5 2. c3 e6 3. d4 d5 4. exd5 exd5 5. Nf3 Nc6 6. Bb5 Bd6 7. Qe2+ Nge7 8.
dxc5 Bxc5 9. Be3 Bxe3 10. Qxe3 O-O 11. O-O a6 12. Bd3 Re8 13. Qd2 Bg4 14. Ng5
Bf5 15. Qf4 Qb8 16. Qxb8 Raxb8 17. Rd1 Bxd3 18. Rxd3 Nf5 19. Nf3 d4 20. cxd4
Nfxd4 21. Nc3 Nxf3+ 22. Rxf3 Rbd8 23. Kf1 Rd2 24. b3 Nb4 25. Re1 Rxe1+ 26. Kxe1
Rb2 27. Ne4 Rxa2 28. Nd6 f6 29. Nxb7 Kf7 30. Nc5 Nc2+ 31. Kd1 Nb4 32. Ke1 Ke7
33. Re3+ Kf7 34. Rf3 Rb2 35. Kf1 Rc2 36. Nd3 Nd5 37. Nf4 Nc3 38. Nd3 Ne4 39.
Ne5+ Ke6 40. Nc4 Rxc4 41. bxc4 Nd2+ 42. Ke2 Nxf3 43. gxf3 Kd6 44. Kd3 Kc5 45.
Kc3 a5 46. Kb3 a4+ 47. Kxa4 Kxc4 0-1

[Event "European Youth Chess Championship G16"]
[Site "Prague, Top Hotel Prague"]
[Date "2016.08.27"]
[Round "9.36"]
[White "Ambrozova, Lucie"]
[Black "Markocic, Spela"]
[Result "1-0"]
[WhiteElo "1862"]
[BlackElo "1680"]
[PlyCount "55"]
[EventDate "2016.08.18"]

1. e4 c5 2. Nf3 Nc6 3. d4 cxd4 4. Nxd4 g6 5. c4 Bg7 6. Be3 Nf6 7. Nc3 O-O 8.
Be2 d6 9. O-O Bd7 10. Qd2 Nxd4 11. Bxd4 Bc6 12. f3 a5 13. b3 Nd7 14. Be3 Nc5
15. Rab1 Qb6 16. Rfc1 Rfc8 17. Rc2 h5 18. a3 Nxb3 19. Nd5 Bxd5 20. exd5 Bd4 21.
Rxb3 Qxb3 22. Bxd4 Kh7 23. Rb2 Qxa3 24. Rxb7 Re8 25. Qf4 f6 26. Qxf6 Qc1+ 27.
Kf2 Qh6 28. Qf7+ 1-0

[Event "European Youth Chess Championship G16"]
[Site "Prague, Top Hotel Prague"]
[Date "2016.08.27"]
[Round "9.37"]
[White "Vitova, Anna"]
[Black "Pellicoro, Nathalie"]
[Result "1-0"]
[WhiteElo "1727"]
[BlackElo "1832"]
[PlyCount "57"]
[EventDate "2016.08.18"]

1. e4 e5 2. Nf3 Nc6 3. Bc4 Bc5 4. c3 Nf6 5. d4 exd4 6. cxd4 Bb4+ 7. Nc3 Nxe4 8.
O-O Bxc3 9. d5 Bf6 10. Re1 Ne7 11. Rxe4 d6 12. Bb5+ Kf8 13. Bg5 Bxg5 14. Nxg5
h6 15. Qf3 hxg5 16. Rae1 Be6 17. Rxe6 a6 18. Rxe7 Qxe7 19. Rxe7 Kxe7 20. Qe3+
Kf8 21. Ba4 b5 22. Bc2 Re8 23. Qc3 Rh4 24. h3 Rc4 25. Qd2 Re5 26. Bb3 Rc5 27.
a3 c6 28. Qa5 cxd5 29. Qd8+ 1-0